000 00647nam a2200265Ia 4500
005 20260121165114.0
008 008 260114s9999 xx 000 0 eng d
020 _a9781137581624
037 _aEBOOK
040 _aCRL
040 _beng
040 _cCRL
041 _2eng
041 _aeng
084 _qCRL
100 _aJeffrey R. Di Leo, Peter Hitchcock
_91047582
245 4 _aThe New Public Intellectual
260 _bSpringer
260 _bSpringer
260 _c2016
856 _uhttps://link.springer.com/openurl?genre=book&isbn=978-1-137-58162-4
942 _cEBOOK
999 _c1613307
_d1613307